| 000 | 00539 a2200169 4500 | ||
|---|---|---|---|
| 999 |
_c10032 _d10032 |
||
| 020 | _a9780073366876 | ||
| 050 | _aQA76.73BRA 2008 | ||
| 100 | _aBradley, Julia Case | ||
| 245 |
_aProgramming in visual C# 2005/ _cJulia Case Bradley & A nita C Millspaugh |
||
| 264 |
_aNew York, NY : _bMc-Graw Hill, _c2008. |
||
| 300 | _axx, 644 pages | ||
| 500 | _aincludes index | ||
| 650 | _aComputer Program language | ||
| 650 | _a Visual programming languages (Computer science) | ||
| 700 | _aMillspaugh, A.C. | ||
| 942 |
_2lcc _cBK _h76.73 _iBRA _kQA |
||